| 000 | 00966nam a2200229Ia 4500 | ||
|---|---|---|---|
| 999 |
_c39140 _d39140 |
||
| 001 | 5723 | ||
| 003 | GE_BSU | ||
| 005 | 20190425234407.0 | ||
| 008 | 181216s1988||||ge |||||||||||||| ||geo|| | ||
| 040 | _cGE_BSU | ||
| 041 | _ageo | ||
| 080 | _a624.012.4(075.8) ნ-67 | ||
| 100 |
_aნინუა, ნ. _9402 |
||
| 245 |
_aრკინაბეტონის კონსტრუქციები : _bსახელმძღვ. / ნ. ნინუა ; რედ. ლ. ჩიკვილაძე. |
||
| 260 | _c. | ||
| 264 |
_aთბილისი : _bგანათლება, _c1988 |
||
| 300 |
_a579 გვ. : _bნახაზები, დანართები გვ.516-570 ; _c27 სმ. |
||
| 504 | _aბიბლიოგრ. : გვ. 575-577. | ||
| 653 | _aრკინაბეტონის კონსტრუქციები | ||
| 700 |
_aჩიქვილაძე, ლ. _eრედაქტორი _9490 |
||
| 942 |
_cBK _2udc |
||